Statistiche per Stemmi Squadre di calcio - UEFA - Quiz n°11

Clicka qui per fare il quiz!

Statistiche generali

  • Questo quiz è stato fatto 85 volte
  • Il punteggio medio è 8 su 10

Statistiche sulle risposte

Risposta% Corretto
Blackpool Football Club
100%
Palermo Football Club
100%
Football Club Midtjylland
99%
Tottenham Hotspur Football Club
95%
Sunderland Association Football Club
93%
Parma Calcio 1913
89%
Qarabağ Futbol Klubu
87%
Middlesbrough Football Club
85%
Futbol'nyj Klub Dinamo Moskva
36%
1. Fußball-Club Kaiserslautern
12%

Distribuzione punteggi

Percentile per numero di risposta

Percentuale di utenti per punteggio

I tuoi punteggi nel tempo

Non hai fatto questo quiz